000 00743nam a2200253 a 4500
001 65823
003 BD-RjUL
005 20211209081452.0
008 170312s1984 caua b 001 0 eng
020 _a0835931285
035 _a(BD-RjUL)65953
040 _aDLC
_cDLC
_dBD-RjUL
_beng
041 _aeng
082 0 0 _a001.6424
_223
_bGRI 1984
100 1 _aGrotke, Guy
_9194642
245 1 2 _aIntermediate Commodore 64 /
_cGuy Grotke
260 _aChatsworth, Ca. :
_bDatamost, Inc.,
_cc1984
300 _a185 p. :
_bill. ;
_c24 cm.
500 _aIncludes index.
504 _aBibliography: p. [175]-176.
650 _aBASIC (Computer program language)
_9177088
650 _aCommodore 64 (Computer)--Programming
_9194643
942 _2ddc
_cBK
999 _c65823
_d65823